Rufo y Trufo cambian de casa /

Mientras desaparecen los muebles y todo se llena de cajas, Rufo se esconde para dar un susto a todo el que pasa. Pero a Trufo no le gusta nada ese lío, y cuando su amigo desaparece se preocupa muchísimo; por eso busca a Rufo sin descanso. Así descubrirá el verdadero valor de la amistad.

Guardado en:
Autor Principal: García Iglesias, Carmen.
Otros Autores: Giussani, Laura; adap.
Formato: Libro
Idioma:Undetermined
Publicado: Buenos Aires : Edelvives, 2010.
Edición:1a ed. 1a reimp.
Series:Ala Delta ; 3
Materias:
Etiquetas: Agregar Etiqueta
Sin Etiquetas, Sea el primero en etiquetar este registro!
LEADER 01018nam a22002295a 4500
001 CEM.cems020793
008 240219s2010####ag############000#0#und#d
005 20240219133319.0
245 1 0 |a Rufo y Trufo cambian de casa /  |c Carmen García Iglesias ; adaptado por Laura Giussani. 
250 |a 1a ed. 1a reimp. 
260 |a Buenos Aires :  |b Edelvives,  |c 2010. 
300 |a 48 p. 
490 1 |a Ala Delta ;  |v 3 
500 |a A partir de 6 años. 
520 |a Mientras desaparecen los muebles y todo se llena de cajas, Rufo se esconde para dar un susto a todo el que pasa. Pero a Trufo no le gusta nada ese lío, y cuando su amigo desaparece se preocupa muchísimo; por eso busca a Rufo sin descanso. Así descubrirá el verdadero valor de la amistad. 
020 |a 9799871348732 
100 1 |a García Iglesias, Carmen. 
700 1 |a Giussani, Laura; adap. 
653 |a Literatura infantil 
653 |a Literatura argentina 
653 |a Novela infantil 
859 |a CEMS  |b BIB. CEMS - Inicial y Primaria  |h A863.4  |i G165  |k IP  |p 6405  |t Ej.1